Historia de la ingeniería en Costa Rica
Guardat en:
| Autor principal: | |
|---|---|
| Format: | Llibre |
| Publicat: |
San José, Costa Rica, Colegio Federado de Ingenieros y de Arquitectos de Costa Rica
2005
|
| Matèries: | |
| Etiquetes: |
Afegir etiqueta
Sense etiquetes, Sigues el primer a etiquetar aquest registre!
|
MARC
| LEADER | 00000nam a2200000Ia 4500 | ||
|---|---|---|---|
| 003 | 000122 | ||
| 005 | 20221231144015.0 | ||
| 008 | 140114s2005 c a m 000 ||s d | ||
| 020 | |a 9968933007 | ||
| 040 | |c cru CEDI | ||
| 082 | |a 620.009.728.6 O13h | ||
| 100 | |a Obregón Quesada, Clotilde María |9 17882 | ||
| 245 | |a Historia de la ingeniería en Costa Rica | ||
| 260 | |a San José, Costa Rica, Colegio Federado de Ingenieros y de Arquitectos de Costa Rica |c 2005 | ||
| 300 | |a 555 páginas : ilustraciones. | ||
| 650 | |x INGENIERIA |x ARQUITECTURA - HISTORIA - COSTA RICA |9 17883 | ||
| 942 | |2 ddc |c BK | ||
| 999 | |c 15535 |d 15535 | ||



